|
|
|
|
| LEADER |
00820nam a2200217 a 4500 |
| 001 |
GR-MES5343 |
| 008 |
991111s1995 gr 000 b eng d |
| 020 |
|
|
|a 0521433029
|
| 040 |
|
|
|a GrPaTEI
|b gre
|c GR-PaULI
|
| 245 |
0 |
0 |
|a Linguistic semantics :
|b an introduction.
|
| 260 |
|
|
|a Cambridge :
|b Cambridge University,
|c 1995
|
| 300 |
|
|
|a xvii,376σ.
|
| 500 |
|
|
|a includes bibliograpphical references and index
|
| 650 |
|
4 |
|a ΓΛΩΣΣΟΛΟΓΙΑ
|
| 650 |
|
4 |
|a ΣΗΜΑΣΙΟΛΟΓΙΑ
|
| 700 |
1 |
|
|a Lyons, J.
|
| 710 |
2 |
|
|a University of Cambridge.
|
| 942 |
|
|
|2 ddc
|
| 952 |
|
|
|0 0
|1 0
|2 ddc
|4 0
|6 401_430000000000000_LYO
|7 0
|9 275920
|a MSLG
|b MSLG
|c BSC
|d 2021-01-17
|e 24
|f 0
|g 0.00
|l 0
|o 401.43 LYO
|p 2420000015841
|r 2021-01-17 00:00:00
|t 1
|w 2021-01-17
|y BK15
|x 19991111 0 1
|x GrPaTEI
|
| 971 |
|
|
|a .b25838106
|b 16-04-20
|c 14-09-16
|
| 999 |
|
|
|c 159958
|d 159958
|